Escuela de la Vida La experiencia como estrategia de formacin̤ /

Detalles Bibliográficos
Autor principal: Franco Arboleda, Nestor Daro̕
Formato: eBook
Lenguaje:español
Publicado: Bogot:̀ Ediciones de la U, 2019
Materias:
Acceso en línea:Acceso restringido

MARC

LEADER 00000nam a22000007a 4500
005 20210716235321.0
007 cr|||| ||||
008 210716s2019 co |||||s|||| 00||0 spa d
020 |a 978-958-792-081-9 
035 |a 33441 
040 |a vLex 
090 |c 11871  |d 11871 
100 1 |a Franco Arboleda, Nestor Daro̕ 
245 1 0 |a Escuela de la Vida  |h [Recurso electrn̤ico] :  |b La experiencia como estrategia de formacin̤ /  |c Nestor Daro̕ Franco Arboleda 
256 |a Servicio en ln̕ea 
260 |a Bogot:̀  |b Ediciones de la U,  |c 2019 
300 |a 1 recurso electrn̤ico 
500 |a Las paradojas de la vida nos enseąn que al final todo es causa y efecto; por ello y ante todo, gracias a Dios por darme la fortaleza de vivir cada experiencia con la perseverancia y constancia para enfrentar cada da̕ con gallarda̕ y aprender de todo lo vivido. A mi familia, muy especialmente a mi padre, que aun desde el cielo me marc ̤el camino para perseverar y disciplinarme en los objetivos, quien con sus enseąnzas desde niǫ me brind ̤las bases para trazar mis sueǫs. A mi madre, por su entrega, amor y abnegacin̤, que me ense ̨̤a valorar cada instante de la vida, me form ̤el carc̀ter y dio el ejemplo de unidad familiar. 
506 1 |a Disponible solo en los productos indicados  |d vLex Global  |d vLex Global (Academic Edition, excluding Law Schools)  |d vLex Global (U.S. Academic Edition, Law Schools)  |d vLex Global (U.S. Academic Edition, excluding Law Schools)  |d vLex Global (Academic Edition, Law Schools) 
650 0 4 |a Educacin̤  |z Colombia 
740 0 |a vLex Libros (Servicio en ln̕ea) 
856 4 0 |u https://vlex.com/source/escuela-de-la-vida-la-experiencia-como-estrategia-de-formacion-33441  |z Acceso restringido 
942 |c BOOK 
999 0 |a Education